LEADER 01171nam a2200313 i 4500 001 991001198689707536 005 20020507185053.0 008 980130s1975 us ||| | eng 020 $a0120437600 035 $ab10814474-39ule_inst 035 $aLE01308577$9ExL 040 $aDip.to Matematica$beng 082 0 $a003.54 084 $aAMS 94A17 100 1 $aAczél, Janos$0334673 245 10$aOn measures of information and their characterizations /$cJ. Aczél, Z. Daróczy 260 $aNew York :$bAcademic Press,$c1975 300 $axii, 234 p. ;$c24 cm 490 0 $aMathematics in science and engineering.$pA series of monographs and textbooks,$x0076-5392 ;$v115 500 $aIncludes indexes 500 $aBibliography: p. 219-226 650 0$aEntropy-information theory 700 1 $aDaróczy, Z. 907 $a.b10814474$b23-02-17$c28-06-02 912 $a991001198689707536 945 $aLE013 94A ACZ11 (1975)$g1$i2013000094922$lle013$o-$pE0.00$q-$rl$s- $t0$u1$v0$w1$x0$y.i10920432$z28-06-02 996 $aMeasures of information and their characterizations$9344909 997 $aUNISALENTO 998 $ale013$b01-01-98$cm$da $e-$feng$gus $h0$i1 LEADER 02271nas 2200469 n 450 001 990008918120403321 005 20240229084535.0 011 $a0733-222X 035 $a000891812 035 $aFED01000891812 035 $a(Aleph)000891812FED01 035 $a000891812 091 $2CNR$aP 00028524 100 $a20161109b19831996km-y0itaa50------ba 101 0 $aeng 102 $aUS 110 $aauu-------- 200 1 $aBio/technology 207 1$a1983-1996 210 $aNew York$cNature Pub. Co. 440 0$1001000901232$12001$aNature biotechnology 517 0 $aBiotechnology 517 0 $aBio technology 530 0 $aBio/technology 675 $a579.6 675 $a663 675 $a577.213 675 $a573.6 : 66 676 $a660.605 801 0$aIT$bACNP$c20090723 859 4 $uhttp://acnp.cib.unibo.it/cgi-ser/start/it/cnr/dc-p1.tcl?catno=18879&person=false&language=ITALIANO&libr=&libr_th=unina1$zBiblioteche che possiedono il periodico 901 $aSE 912 $a990008918120403321 958 $aBiblioteca Interdipartimentale " G.Quagliariello " Dipartimento di biochimica e Biotecnologie mediche e Dipartimento di Biologia e Patologia cellulare e molecolare. Facoltą di Medicina e Chirurgia. Universitą degli Studi di Napoli "Federico II"$b1989-1995;$fDMBBM 958 $aBiblioteca del Dipartimento di Chimica Organica e Biochimica dell'Universitą di Napoli Federico II.$b1993-1996.$e3$fDCOB 959 $aDMBBM 959 $aDCOB 996 $aBio$9799665 997 $aUNINA AP1 8 $6866-01$aNA175 Biblioteca Interdipartimentale " G.Quagliariello " Dipartimento di biochimica e Biotecnologie mediche e Dipartimento di Biologia e Patologia cellulare e molecolare. Facoltą di Medicina e Chirurgia. Universitą degli Studi di Napoli "Federico II"$eVia Pansini, 5, 80131 Napoli (NA)$m(081) 7463014$m(081) 7463652$nit AP1 8 $6866-02$aNA233 Biblioteca del Dipartimento di Chimica Organica e Biochimica dell'Universitą di Napoli Federico II.$b3$eVia Cintia, 80126 Napoli (NA)$m081674322$m081674393$nit AP2 40$aacnp.cib.unibo.it$nACNP Italian Union Catalogue of Serials$uhttp://acnp.cib.unibo.it/cgi-ser/start/it/cnr/df-p.tcl?catno=18879&language=ITALIANO&libr=&person=&B=1&libr_th=unina&proposto=NO